000 00651nam a2200241 a 4500
001 0001-1167
003 ELIB.Books
008 150507 2010 eng
020 _a9780830836833
035 _a(ELIB.Books)0001-1322
092 _a248.4
_bLab
100 _aLabberton, Mark
245 _aCalled:
_bThe Crisis and Promise of Following Jesus Today
260 _aDowners Grove
_bIVP Books
_c2014
300 _a174
_c18.5 Cm
500 _aC/o Moe Lwei
650 _aChristian Life
856 _nKBTS: Library
_uKBTS: Elib
942 _2ddc
_cBK
990 _a1
998 _cbat
_e2015-05-07
_mcat
_u2018-11-15
999 _c11167
_d11167